Social work and health care policy /

Bibliographic Details
Other Authors: Lum, Doman, 1938-
Format: Book
Language:English
Published: Totowa, N.J. : Allanheld, Osmun, 1982.
Subjects:

MARC

Tag First Indicator Second Indicator Subfields
LEADER 00000cam a22000008a 4500
001 in00000080324
005 20151008060925.0
008 811019s1982 njua b 10100 eng
010 |a  81068308  
020 |a 0865980659 :  |c $24.95 (est.) 
020 |a 0865980713 (pbk.) :  |c $12.50 (est.) 
035 |a (OCoLC)07947607 
035 |9 AAJ6900AM 
039 0 |a 2  |b 3  |c 3  |d 3  |e 3 
040 |a DLC  |c DLC  |d TXA  |d UtOrBLW 
043 |a n-us--- 
049 |a TXAM  |c [1442996] 
050 0 0 |a RA395.A3  |b S697 
082 0 |a 362.1/0425/0973  |2 19 
245 0 0 |a Social work and health care policy /  |c edited by Doman Lum. 
263 |a 8205 
264 1 |a Totowa, N.J. :  |b Allanheld, Osmun,  |c 1982. 
300 |a xvi, 224 pages :  |b illustrations ;  |c 24 cm. 
336 |a text  |b txt  |2 rdacontent 
337 |a unmediated  |b n  |2 rdamedia 
338 |a volume  |b nc  |2 rdacarrier 
504 |a Includes bibliographies and index. 
650 0 |a Medical policy  |z United States  |v Congresses. 
650 0 |a Medical social work  |z United States  |x Congresses. 
650 0 |a Social service. 
650 2 |a Health Policy  |z United States. 
650 2 |a Insurance, Health  |z United States. 
700 1 |a Lum, Doman,  |d 1938- 
999 |a MARS 
999 f f |s a8f85eb6-f5ee-39e4-a92f-8e30027de5bc  |i 016623aa-ac52-3861-b060-932c3439384d  |t 0 
952 f f |p ric  |a Texas A&M University  |b Rellis Campus  |c Joint Library Facility  |d Remote Storage  |t 0  |e RA395.A3 S697  |h Library of Congress classification  |i unmediated -- volume  |m A14806227330 
998 f f |a RA395.A3 S697  |t 0  |l Remote Storage